| 000 | 00727nam a22002057a 4500 | ||
|---|---|---|---|
| 999 |
_c10505 _d10505 |
||
| 003 | AR-CdUCM | ||
| 008 | 190401b ||||| |||| 00| 0 spa d | ||
| 040 |
_aMUNICIPALIDAD PROVINCIAL DEL CUSCO _cBIBLIOTECA MUNICIPAL DEL CUSCO |
||
| 082 |
_a869.23 / _bO25 / 1903 |
||
| 100 |
_aObligado, Doctor P. _927406 |
||
| 245 | _aTradiciones argentinas / | ||
| 260 |
_aBarcelona : _bMontaner y Simón, _c1903. |
||
| 300 |
_a389 paginas ; _c24 cm. |
||
| 505 | _aContenido : Tradiciones -- ¿Por que Buenos Aires de llama Buenos Aires? -- El fundador -- Amor filial -- El gobernador mano de plata ... | ||
| 650 |
_aTradiciones _9229 |
||
| 650 |
_aArgentinas _927407 |
||
| 650 |
_aLiteratura _983 |
||
| 942 |
_2ddc _cLIBROS |
||
| 945 | _arah | ||